000 02882cam a2200421 i 4500
003 EG-GICUC
005 20260505094136.0
008 250306s2010 enk frb 001 0 eng d
020 _z9781841138718
_qhbk.
040 _aDLC
_beng
_erda
_epn
_cDLC
_dEG-GiCUC
043 _ae------
_an-us---
050 0 0 _aK3850
082 0 4 _221
_a347
092 0 4 _221
099 _aLaw 13 2010
100 1 _aMarco Colino, Sandra,
_eauthor
245 1 0 _aVertical agreements and competition law :
_ba comparative study of the EU and US regimes /
_cSandra Marco Colino.
264 1 _aOxford ;
_aPortland, Or. :
_bHart,
_c2010.
300 _a1 online resource (xxii, 199 pages)
_billustrations,
_c24 cm
336 _atext
_btxt
_2rdacontent
337 _acomputer
_bc
_2rdamedia
338 _aonline resource
_bcr
_2rdacarrier
500 _aBased on the author's thesis (doctoral)--European University Institute, 2007.
504 _aIncludes bibliographical references and index.
505 0 0 _aThe enduring debate on the nature of vertical agreements -- Theorising vertical restraints : the intellectual foundations of EC competition law and US antitrust models -- Questioning the achievement of an adequate economic analysis -- The impact of competition rules on vertical contractural relationships.
520 1 _a"This book focuses on the current legal framework for vertical agreements in the EU and the US. Over the last ten years, antitrust rules governing these agreements have undergone thorough reform. In the EU, the old sector-specific block exemptions were replaced by Regulation 2790/99, applicable to all sectors of the economy. In addition, changes introduced to the procedural rules have led to the decentralisation of Article 81(3) and the removal of the notification requirement. In like manner, in the US the Supreme Court has gradually taken vertical restraints out of the per se illegality rule. What Sylvania achieved in placing non-price vertical restraints under the rule of reason in the late 1970s, the Khan judgment did for maximum resale price maintenance in 1997, whilst most recently and most significantly in 2007 the Leegin case followed suit for minimum resale price maintenance."--BOOK JACKET.
588 _aDescription based on print version record; resource not viewed.
650 0 _aAntitrust law
_zEuropean Union countries.
650 0 _aExclusive contracts
_zEuropean Union countries.
650 0 _aRestraint of trade
_zEuropean Union countries.
650 0 _aAntitrust law
_zUnited States.
650 0 _aExclusive contracts
_zUnited States.
650 0 _aRestraint of trade
_zUnited States.
776 0 8 _iPrint Version:
_tVertical agreements and competition law
_dOxford ; Portland, Or. : Hart, 2010.
_z9781841138718
_w(DLC) 2011289293
856 4 0 _uhttps://fll.law.cu.edu.eg/fulltext/bks/ENGB13-00119.pdf
905 _a10
942 _2ddc
_cBK
_e21
_n0
999 _c75606
_d75606